000 00699nam a22002291 4500
001 275952
003 OSt
005 20151026085118.0
008 730102s1952 caua 000 0 eng
010 _a 52007248
040 _aDLC
_cDLC
_dDLC
050 0 0 _aQK711
_b.B577
082 0 0 _a581.1
100 1 _aBonner, James Frederick,
_d1910-
245 0 0 _aPrinciples of plant physiology,
_cby James Bonner and Arthur W. Galston. Illus. by Evan L. Gillespie.
260 _aSan Francisco,
_bW. H. Freeman,
_c1952.
300 _a499 p.
_billus.
_c25 cm.
490 0 _aA Series of biology texts
650 0 _aPlant physiology.
906 _a7
_bcbc
_corignew
_du
_eocip
_f19
_gy-gencatlg
942 _2lcc
_cBK
999 _c250906
_d250906